| 000 | 00930nam a22002894i 4500 | ||
|---|---|---|---|
| 999 |
_c7888 _d7888 |
||
| 001 | 991061116056706706 | ||
| 003 | OSt | ||
| 005 | 20240514122927.0 | ||
| 008 | 240404e202404 spc 001 0 cat c | ||
| 017 |
_aDL B 1185-2024 _bBiblioteca de Catalunya |
||
| 020 | _a9788433923189 | ||
| 040 |
_aES-BaUPF _bcat _erda _cCDMR |
||
| 100 | 1 | _aBalló, Jordi, | |
| 245 | 1 | 3 |
_aLa Imatge incessant : _banatomia dels formats audiovisuals / _cJordi Balló i Mercè Oliva |
| 264 | 1 |
_aBarcelona: _bAnagrama, _c2024 |
|
| 300 |
_a411 pàgines ; _c22 cm |
||
| 490 | 1 |
_aLlibres Anagrama ; _v118 |
|
| 504 | _aInclou bibliografia (pàgines 375-386) i índex | ||
| 650 | 7 |
_aComunicació audiovisual _2lemac _xFilosofia |
|
| 650 | 7 |
_aImatge (Filosofia) _2lemac |
|
| 650 | 7 |
_aNarració (Retòrica) _2lemac |
|
| 700 | 1 | _aOliva Rota, Mercè, | |
| 830 | 0 |
_aLlibres Anagrama ; _v118 |
|
| 908 |
_aUPF _aUAB _aFILMO |
||
| 940 | _aUPF | ||
| 942 |
_2udc _cMON |
||